Nature of time (Record no. 26258)

MARC details
000 -LEADER
fixed length control field 00246nam a2200109Ia 4500
082 ## - DEWEY DECIMAL CLASSIFICATION NUMBER
Item number WHI
100 ## - MAIN ENTRY--AUTHOR NAME
Personal name Whitrow, G J
245 #0 - TITLE STATEMENT
Title Nature of time
260 ## - PUBLICATION, DISTRIBUTION, ETC. (IMPRINT)
Place of publication England
Name of publisher Penguin
Year of publication 1975
942 ## - ADDED ENTRY ELEMENTS (KOHA)
Koha item type Books
Holdings
Withdrawn status Lost status Damaged status Not for loan Home library Current library Date acquired Full call number Accession Number Koha item type
        RRII Library RRII Library 16/12/2021 WHI 06896 Books